000 00520nam a22002057a 4500
001 0011740
003 DO-SdBNP
005 20180212120306.0
007 0011740
008 161108b 1981 sp||||| |||| 00| 0 spa d
020 _a842432239
040 _aBPMSU
_bspa
_cBPMSU
082 _axxxxxxx
_bxxxxxxx
245 _aAsterix :
_bel nuevo jefe
260 _aEspaña :
_bFher,
_c1981.
300 _a80 p. :
_bil.,
_c25 cm.
942 _2ddc
_cBK
945 _ainventariado, 2018 / dg
956 _aBTAVÁREZ
_b10
_c20161108
_d0011740
999 _c11828
_d11828